Ochrana hospodárskej súťaže v podmienkach globalizácie diplomová práca

Gespeichert in:
Bibliographische Detailangaben
1. Verfasser: Tomčíková, Zdenka
Körperschaft: Fakulta podnikového manažmentu EU. Katedra podnikovohospodárska
Weitere Verfasser: Kissová, Jana, 1979-
Format: Buch
Sprache:Slowakisch
Veröffentlicht: Bratislava 2014
Tags: Tag hinzufügen
Keine Tags, Fügen Sie das erste Tag hinzu!

MARC

LEADER 00000nbm a2200000 4500
001 0187914
005 20170201091814.9
041 0 |a slo 
044 |a SK 
245 1 0 |a Ochrana hospodárskej súťaže v podmienkach globalizácie  |b diplomová práca  |c Zdenka Tomčíková ; školiteľ: Jana Kissová 
264 1 |a Bratislava  |c 2014 
300 |a 81 s. 
100 1 |a Tomčíková, Zdenka 
700 1 |a Kissová, Jana, 1979- 
710 2 |a Fakulta podnikového manažmentu EU. Katedra podnikovohospodárska